|
|
|
|
| LEADER |
00000nab a2200000 a 4500 |
| 001 |
vtls000621509 |
| 003 |
SK-MaSNL |
| 005 |
20260303122321.0 |
| 008 |
160401c1995 xo 0 slo |
| 015 |
|
|
|a SNBRA19rr/mm-uuuuu
|
| 035 |
|
|
|a CL0621648
|
| 040 |
|
|
|a SNKBUCL
|b slo
|c SNKBUCL
|e AACR2
|
| 041 |
0 |
|
|a slo
|
| 044 |
|
|
|a xo
|c SK
|
| 080 |
|
|
|a 556.3:556.5:504.43/.45
|2 1981
|
| 080 |
|
|
|a 556.5
|2 1981
|
| 080 |
|
|
|a 504.43/.45
|2 1981
|
| 100 |
1 |
|
|a Rapant, Stanislav,
|d 1954-
|4 aut
|9 202781
|
| 245 |
1 |
0 |
|a Hydrogeochémia územia - Mapa kvality prírodných vôd
|c Stanislav Rapant
|
| 300 |
|
|
|b Tab. 3, lit. 4 zázn.
|
| 650 |
0 |
7 |
|a vody prírodné
|2 snkbucl
|9 920486
|
| 650 |
0 |
7 |
|a hydrogeochémia
|2 snkbucl
|9 19680
|
| 651 |
|
7 |
|a Banská Štiavnica (Slovensko)
|2 snkbucl
|9 16373
|
| 651 |
|
7 |
|a Žiarska kotlina (Slovensko)
|2 snkbucl
|9 75514
|
| 655 |
|
7 |
|a články zo zborníkov
|2 snkbucl
|9 166140
|
| 773 |
0 |
|
|z 8085314460
|t Geofaktory životného prostredia regiónu Žiarska kotlina a banskoštiavnická oblasť
|d Bratislava : Geologický ústav Dionýza Štúra, 1995
|g S. 45-48
|
| 850 |
|
|
|a Slovenská národná knižnica v Martine
|a MTA001
|
| 852 |
|
|
|a SNK
|b KIS3GCP
|
| 958 |
|
|
|a SK
|
| 958 |
|
|
|a RK
|
| 958 |
|
|
|a RZB
|
| 999 |
|
|
|c 1920331
|d 1922261
|